000 00490nmm a2200169Ia 4500
008 251105s9999||||xx |||||||||||||||||und||
020 _a8497424565
041 _aspa
100 _aCerezo Galán, Pedro
245 0 _aDemocracia y virtudes cívicas
264 _a[Madrid, España] :
_bBiblioteca Nueva,
_c2005
300 _a429 páginas
490 _aEnsayo Pensamiento
650 _aPolitical Science (General)
856 _uhttps://public.digitaliapublishing.com/a/5244
942 _cCF
999 _c74188
_d74188